Gamefowl Quiz - Statistics

General Stats
  • This quiz has been taken 14 times
  • The average score is 11 of 20
Answer Stats
Picture Answer % Correct
Pheasant
100%
Turkey
100%
Golden Pheasant
75%
Black Grouse
67%
Red-Legged Partridge
67%
California Quail
58%
Capercaillie
58%
Brush Turkey
50%
Chukar
50%
Common Quail
50%
Greater Prairie Chicken
50%
Grey Partridge
50%
Indian Peafowl
50%
Rock Partridge
50%
Red Grouse
42%
Red Junglefowl
42%
King Quail
33%
Lady Amherst's Pheasant
33%
Spruce Grouse
33%
Bare-Faced Curassow
25%
No matching quizzes found
Score Distribution
Percent of People with Each Score
Percentile by Number Answered
Your Score History
You have not taken this quiz